[Event "ch-FRA Blitz Online Qual"]
[Site "Europe-Chess INT"]
[Date "2020.05.16"]
[Round "13"]
[White "Leccia, Thomas"]
[Black "Gatineau, Milann"]
[Result "0-1"]
[WhiteElo "1893"]
[BlackElo "1390"]
[WhiteFideId "36087270"]
[BlackFideId "36044199"]
[EventDate "2020.05.16"]

1. e4 e6 2. d4 d5 3. Bd3 Nf6 4. e5 Nfd7 5. Ne2 c5 6. c3 Nc6 7. O-O Qb6 8. Bc2 f6
9. f4 cxd4 10. cxd4 Be7 11. Kh1 O-O 12. Nbc3 Qc7 13. Ng3 Nb6 14. Nh5 Nb4 15. Qg4
Rf7 16. Bb3 Nc4 17. Bxc4 Qxc4 18. Be3 Nc2 19. exf6 Bxf6 20. Nxf6+ Rxf6 21. Bd2
Nxa1 22. Rxa1 Qxd4 23. Be1 Qd3 24. Bf2 Rg6 25. Qh4 Bd7 26. Qe7 Bb5 27. Nxb5 Qxb5
28. Re1 Re8 29. Qc7 Qxb2 30. Qd7 Rf8 0-1

[Event "ch-FRA Blitz Online Qual"]
[Site "Europe-Chess INT"]
[Date "2020.05.16"]
[Round "13"]
[White "Assouane, Aksel"]
[Black "Staune, Jean"]
[Result "1-0"]
[WhiteElo "1238"]
[BlackElo "1719"]
[WhiteFideId "45154708"]
[BlackFideId "26091631"]
[EventDate "2020.05.16"]

1. e4 c5 2. f4 d5 3. e5 g6 4. c3 e6 5. d4 cxd4 6. cxd4 Bg7 7. Nc3 Ne7 8. Nf3 O-O
9. Bd3 Nbc6 10. O-O a6 11. Bd2 b5 12. a3 Bd7 13. b4 Rc8 14. Rc1 f6 15. Ne2 fxe5
16. fxe5 Nf5 17. Bxf5 Rxf5 18. Ng3 Rf8 19. Bg5 Qe8 20. Qd3 Rf7 21. Nd2 Bf8 22.
Nb3 Be7 23. Bxe7 Qxe7 24. Rxf7 Qxf7 25. Rf1 Qe7 26. Nc5 Ra8 27. Nb7 Rf8 28.
Rxf8+ Qxf8 29. Nd6 Qf4 30. Ne2 Qg5 31. Kf2 Kg7 32. Qf3 Qe7 33. Ke3 a5 34. bxa5
Nxa5 35. Nc3 Nc4+ 36. Kf2 Nxd6 37. exd6 Qxd6 38. Qe2 Qxh2 39. Nxb5 Bxb5 40. Qxb5
Qf4+ 41. Kg1 Qxd4+ 42. Kh2 Qf4+ 43. g3 Qf2+ 44. Kh3 Qf5+ 45. Kh2 Qh5+ 46. Kg2
Qf5 47. Qd7+ Kh6 48. Qd8 Qg5 49. Qf8+ Kh5 50. Qf3+ Qg4 51. Qe3 Qe4+ 52. Qxe4
dxe4 53. Kf2 Kg4 54. a4 Kf5 55. a5 Ke5 56. a6 Kd6 57. a7 Kc7 58. a8=Q Kd6 59.
Qxe4 h5 60. g4 hxg4 61. Qxg4 e5 62. Qxg6+ Kd5 63. Qg1 Kd4 64. Qe1 e4 65. Kg3 Kd3
66. Kf4 e3 67. Qxe3+ Kc2 68. Qd4 Kb1 69. Qc3 Ka2 70. Qb4 Ka1 71. Ke3 Ka2 72. Kd2
Ka1 73. Kc2 1-0

[Event "ch-FRA Blitz Online Qual"]
[Site "Europe-Chess INT"]
[Date "2020.05.16"]
[Round "13"]
[White "Gauthier, Laurent2"]
[Black "Cornileau, Raphael"]
[Result "1-0"]
[WhiteElo "1704"]
[BlackElo "1397"]
[WhiteFideId "676810"]
[BlackFideId "45105790"]
[EventDate "2020.05.16"]

1. e4 e5 2. Nf3 Nc6 3. d4 exd4 4. c3 dxc3 5. Bc4 h6 6. Qb3 Qe7 7. O-O Na5 8.
Qxc3 Nxc4 9. Qxc4 Qc5 10. Qb3 Be7 11. Be3 Qc6 12. Re1 Bc5 13. Nbd2 Bxe3 14. Rxe3
Ne7 15. Rc3 Qd6 16. Rd1 Qg6 17. Rxc7 O-O 18. Rc3 Rd8 19. Nc4 d5 20. Nce5 Qxe4
21. Re3 Qf5 22. Nd4 Qf6 23. Ng4 Qd6 24. Nb5 Qc6 25. Rxe7 Bxg4 26. Rc7 Qb6 27.
Rdc1 a6 28. Qg3 Qxb5 29. Qxg4 Qxb2 30. Qf3 Rf8 31. Qxd5 Qxa2 32. Qxa2 1-0

[Event "ch-FRA Blitz Online Qual"]
[Site "Europe-Chess INT"]
[Date "2020.05.16"]
[Round "13"]
[White "Anselin, Djavan"]
[Black "Rapaire, Jean-Michel"]
[Result "0-1"]
[WhiteElo "1499"]
[BlackElo "1742"]
[WhiteFideId "36080713"]
[BlackFideId "5400023"]
[EventDate "2020.05.16"]

1. e4 d5 2. exd5 Qxd5 3. Nc3 Qd8 4. Nf3 Nf6 5. Bc4 Bf5 6. O-O e6 7. d3 Be7 8.
Bf4 c6 9. Re1 O-O 10. a3 Nbd7 11. h3 h6 12. Qd2 Kh7 13. Nh4 Bg6 14. Nxg6 Kxg6
15. d4 Kh7 16. Bd3+ Kh8 17. Ne4 Nxe4 18. Bxe4 Bg5 19. Bxg5 Qxg5 20. Qxg5 hxg5
21. c3 g6 22. Bc2 Kg7 23. Re2 Rh8 24. Rae1 Rh4 25. Kh2 g4 26. Re3 gxh3 27. Rxh3
Rxh3+ 28. Kxh3 Rh8+ 29. Kg3 Nf6 30. Kf3 Rh5 31. Ke2 Rh2 32. Kf1 Rh1+ 33. Ke2
Rxe1+ 34. Kxe1 Ne8 35. Ke2 g5 36. Kf3 f5 37. g4 Kf6 38. gxf5 exf5 39. Kg3 Nd6
40. f3 Nc4 41. Bb3 Nxb2 42. d5 cxd5 43. Bxd5 b6 44. Bb3 Nd3 45. a4 Nc5 46. Bc2
Ke5 47. Kf2 a6 48. Kg3 b5 49. axb5 axb5 50. Bd1 Na4 51. Be2 Nxc3 52. Bd3 b4 53.
Bc2 Ne2+ 54. Kf2 Nd4 55. Bb1 b3 56. Ke3 g4 57. fxg4 fxg4 58. Kf2 Kf4 59. Kg2 b2
60. Kf2 Nb3 61. Bc2 Nd2 62. Kg2 b1=Q 63. Bxb1 Nxb1 64. Kf2 Nc3 65. Kg2 Ne4 66.
Kf1 Kg3 67. Kg1 Ng5 68. Kf1 Kh2 69. Kf2 g3+ 70. Ke3 g2 71. Kd4 Ne4 72. Ke5 g1=Q
73. Kxe4 Qf2 74. Ke5 Kg3 75. Ke4 Qf4+ 76. Kd5 Qe3 77. Kd6 Kf4 78. Kd5 Qe5+ 79.
Kc6 Qd4 80. Kc7 Ke5 81. Kc6 Qd6+ 82. Kb7 Qc5 83. Ka6 Qb4 84. Ka7 Kd6 85. Ka8 Kc7
86. Ka7 Qb7# 0-1

[Event "ch-FRA Blitz Online Qual"]
[Site "Europe-Chess INT"]
[Date "2020.05.16"]
[Round "13"]
[White "Thibous, Leo"]
[Black "Akopian, Edwin"]
[Result "0-1"]
[WhiteElo "1380"]
[BlackElo "1706"]
[WhiteFideId "45136084"]
[BlackFideId "36068357"]
[EventDate "2020.05.16"]

1. Nf3 Nf6 2. g3 d5 3. Bg2 c5 4. O-O Nc6 5. d4 cxd4 6. Nxd4 e5 7. Nxc6 bxc6 8.
c4 Be6 9. cxd5 cxd5 10. Nc3 Be7 11. Bg5 e4 12. e3 O-O 13. Qd4 h6 14. Bxf6 Bxf6
15. Qd2 Qd7 16. Rfd1 Rfd8 17. f3 Rab8 18. fxe4 dxe4 19. Qxd7 Rxd7 20. Rxd7 Bxd7
21. Nxe4 Bxb2 22. Rd1 Be6 23. a4 Bb3 24. Nc5 Bxd1 25. Na6 Re8 26. Bc6 Rxe3 27.
Nb4 Bd4 28. Kf1 Be2+ 29. Kg2 Bd1 30. Kf1 Bf3 31. Bb5 Rb3 32. Nc2 Rb1+ 33. Ne1 g5
34. Be2 Bxe2+ 35. Kxe2 Rb2+ 36. Kd3 Bg1 37. Kc4 Bxh2 38. Nd3 Rg2 39. Kb5 Rxg3
40. Ka6 Rxd3 41. Kxa7 Ra3 42. Kb6 Rxa4 43. Kc5 f5 44. Kd5 f4 45. Ke6 f3 46. Kf5
f2 47. Kg6 Ra6+ 48. Kh5 f1=Q 49. Kg4 Qf4+ 50. Kh5 Qh4# 0-1

[Event "ch-FRA Blitz Online Qual"]
[Site "Europe-Chess INT"]
[Date "2020.05.16"]
[Round "13"]
[White "Gabino, Karl"]
[Black "Mecili, Nabil"]
[Result "0-1"]
[WhiteElo "1331"]
[BlackElo "1688"]
[WhiteFideId "45135886"]
[BlackFideId "618420"]
[EventDate "2020.05.16"]

1. e4 d6 2. d4 Nf6 3. Nc3 g6 4. f3 Bg7 5. Be3 c6 6. Bc4 O-O 7. Qd2 b5 8. Bb3 a5
9. a3 Na6 10. O-O-O b4 11. axb4 axb4 12. Na2 Qa5 13. h4 c5 14. dxc5 Nxc5 15. Kb1
Nxb3 16. cxb3 Qxa2+ 17. Kc2 Nxe4 18. fxe4 Qxb2+ 0-1

[Event "ch-FRA Blitz Online Qual"]
[Site "Europe-Chess INT"]
[Date "2020.05.16"]
[Round "13"]
[White "Genot, Jean-Paul"]
[Black "Lovichi, Raphael"]
[Result "0-1"]
[WhiteElo "1673"]
[BlackElo "1406"]
[WhiteFideId "45150940"]
[BlackFideId "45172935"]
[EventDate "2020.05.16"]

1. e4 c5 2. Nc3 e6 3. f4 d5 4. exd5 exd5 5. Bb5+ Nc6 6. d4 cxd4 7. Qxd4 Nf6 8.
Nf3 Be7 9. O-O a6 10. Bxc6+ bxc6 11. Re1 O-O 12. Kh1 Bf5 13. Nh4 Bxc2 14. Nf3
Be4 15. Nxe4 Nxe4 16. Be3 Bf6 17. Qb4 Rb8 18. Qa4 Bxb2 19. Rab1 Nc3 20. Qxc6
Nxb1 21. Rxb1 Qa5 22. Bd2 Qxa2 23. Qc2 Rfc8 24. Qd3 Qa3 25. Qxa3 Bxa3 26. Rxb8
Rxb8 27. h3 Rb1+ 28. Kh2 Bd6 29. Kg3 Rb2 30. Bc3 Ra2 31. Nd4 a5 32. Kg4 Bb4 33.
Nb5 Bxc3 34. Nxc3 Rd2 35. Kf3 Rd3+ 36. Ke2 Rxc3 0-1

[Event "ch-FRA Blitz Online Qual"]
[Site "Europe-Chess INT"]
[Date "2020.05.16"]
[Round "13"]
[White "Dazi, Adam"]
[Black "Azizyan, Rafayel"]
[Result "1-0"]
[WhiteElo "1336"]
[BlackElo "1667"]
[WhiteFideId "45106959"]
[BlackFideId "651016931"]
[EventDate "2020.05.16"]

1. e4 e6 2. d4 d5 3. exd5 exd5 4. c4 dxc4 5. Bxc4 Bf5 6. Nf3 Nf6 7. Qb3 Qe7+ 8.
Be3 c6 9. O-O Qb4 10. Bxf7+ Kd8 11. Qxb4 Bxb4 12. Nc3 Ke7 13. Bb3 Re8 14. Rfe1
Kf8 15. Bd2 Nbd7 16. a3 Ba5 17. Rxe8+ Rxe8 18. Re1 Rd8 19. Na4 Bc7 20. Bb4+ c5
21. dxc5 a5 22. Bc3 Ne4 23. Nd4 Nexc5 24. Nxc5 Nxc5 25. Nxf5 Nxb3 26. g3 g6 27.
Bg7+ Kg8 28. Bf6 Rd7 29. Nh6+ Kf8 30. Be5 Nd2 31. Kg2 Bxe5 32. Rxe5 Kg7 33. Ng4
Nc4 34. Rc5 Nxb2 35. Rxa5 Nc4 36. Ra7 Nd6 37. a4 Rc7 38. a5 Rc6 39. Ne3 Ra6 40.
Rxa6 bxa6 41. Nd5 Nc4 42. Nc7 Nxa5 43. Nxa6 Nc4 44. Nc5 Ne5 45. f4 Nf7 46. Kf3
Kf6 47. g4 Nd6 48. Ne4+ Ke6 49. Nxd6 Kxd6 50. Ke4 Ke6 51. h4 h5 52. f5+ Kf6 53.
Kf4 hxg4 54. fxg6 1-0

[Event "ch-FRA Blitz Online Qual"]
[Site "Europe-Chess INT"]
[Date "2020.05.16"]
[Round "13"]
[White "Gouja, Wissem"]
[Black "Buffin, Jean"]
[Result "0-1"]
[WhiteElo "1346"]
[BlackElo "1711"]
[WhiteFideId "551013800"]
[BlackFideId "20699751"]
[EventDate "2020.05.16"]

1. e4 e5 2. Nf3 Nc6 3. Bc4 Bc5 4. c3 Nf6 5. d3 d6 6. a4 a5 7. O-O O-O 8. h3 Be6
9. Nbd2 d5 10. exd5 Bxd5 11. Bxd5 Nxd5 12. Ne4 Bb6 13. Re1 f5 14. Neg5 Qf6 15.
Qb3 Rad8 16. c4 Ndb4 17. c5+ Kh8 18. cxb6 cxb6 19. Ne6 Rxd3 20. Qxd3 Nxd3 21.
Nxf8 Nxe1 22. Nxe1 Qxf8 23. Be3 Qb4 24. Nd3 Qb3 25. Ra3 Qd1+ 26. Kh2 h6 27. Bxb6
e4 28. Nf4 Qd6 29. g3 Ne5 30. Be3 Nf3+ 31. Kg2 Qd1 0-1

[Event "ch-FRA Blitz Online Qual"]
[Site "Europe-Chess INT"]
[Date "2020.05.16"]
[Round "13"]
[White "Kosciusko-Morizet, Antoine"]
[Black "Tulliez, Andre"]
[Result "0-1"]
[WhiteElo "1293"]
[BlackElo "1777"]
[WhiteFideId "45166749"]
[BlackFideId "45107181"]
[EventDate "2020.05.16"]

1. e4 c5 2. Nc3 d6 3. Bb5+ Bd7 4. Bxd7+ Qxd7 5. f4 g6 6. Nf3 Bg7 7. d3 Nc6 8.
O-O e6 9. Qe1 Nge7 10. Qg3 O-O 11. Qh4 d5 12. exd5 exd5 13. Ng5 h6 14. Nf3 Nf5
15. Qf2 Ncd4 16. Be3 Nxf3+ 17. Qxf3 Nxe3 18. f5 Nxf5 19. Nxd5 Rad8 20. Nf4 Nd4
21. Qg3 g5 22. Nh5 Ne2+ 23. Kh1 Nxg3+ 24. Nxg3 Qg4 25. Ne4 f5 26. Ng3 Be5 27.
Rf3 h5 28. Re1 Rde8 29. h3 Bxg3 30. Rxe8 Rxe8 31. Rxg3 Qxg3 32. h4 Re1# 0-1

[Event "ch-FRA Blitz Online Qual"]
[Site "Europe-Chess INT"]
[Date "2020.05.16"]
[Round "13"]
[White "Farthouat, Titoine"]
[Black "Minde, Baptiste"]
[Result "1-0"]
[WhiteElo "1652"]
[BlackElo "1210"]
[WhiteFideId "36015660"]
[BlackFideId "45172110"]
[EventDate "2020.05.16"]

1. e4 e6 2. d4 d5 3. exd5 exd5 4. Nf3 Be6 5. Bd3 Nd7 6. Qe2 Ngf6 7. Ng5 Qe7 8.
Nxe6 Qxe6 9. Qxe6+ fxe6 10. f4 Bd6 11. O-O O-O 12. Nd2 Nh5 13. g3 Ndf6 14. Nf3
Nd7 15. Bd2 Nb6 16. Rae1 Rae8 17. Ng5 Nf6 18. Nxe6 Rf7 19. Ng5 Rfe7 20. h3 c5
21. c3 cxd4 22. cxd4 a6 23. Kf2 Na4 24. b3 Nb2 25. Bf5 g6 26. Rxe7 Rxe7 27. Be6+
Kg7 28. Bc3 Nd3+ 29. Ke3 h6 30. Kxd3 hxg5 31. fxg5 Nh7 32. Bxd5 Nxg5 33. h4 Nh7
34. g4 Nf6 35. Bf3 Bg3 36. g5 Nh7 37. d5+ Kg8 38. Bg4 Bxh4 39. Be6+ Rf7 40.
Bxf7+ Kf8 41. Bxg6+ Ke7 42. Bxh7 Bxg5 43. Rg1 Bh6 44. Bg7 Bxg7 45. Rxg7+ Kd6 46.
Rxb7 Kxd5 47. Rb6 a5 48. Ra6 Kc5 49. Rxa5+ Kb6 50. b4 Kb7 51. a4 Kb6 52. Bg6 Kb7
53. b5 Kb6 54. Ra6+ Kb7 55. a5 Kb8 56. Kc4 Kb7 57. Kc5 Kb8 58. Kc6 Kc8 59. Ra8# 1-0

[Event "ch-FRA Blitz Online Qual"]
[Site "Europe-Chess INT"]
[Date "2020.05.16"]
[Round "13"]
[White "Batout, Ethan"]
[Black "Tuillier, Valentin"]
[Result "0-1"]
[WhiteElo "1267"]
[BlackElo "1607"]
[WhiteFideId "551081806"]
[BlackFideId "36020800"]
[EventDate "2020.05.16"]

1. d4 Nf6 2. c4 e6 3. Nc3 d5 4. e3 Bd6 5. Nf3 O-O 6. Be2 Nbd7 7. O-O b6 8. Re1
Bb7 9. Bd3 c5 10. cxd5 Nxd5 11. Nxd5 Bxd5 12. e4 Bb7 13. e5 Be7 14. Bb5 a6 15.
Bxd7 Qxd7 16. dxc5 Qxd1 17. Rxd1 Bxf3 18. gxf3 Bxc5 19. Rd7 Rfd8 20. Rxd8+ Rxd8
21. Be3 Bxe3 22. fxe3 Rd2 23. Rc1 g6 24. b3 Rxa2 25. Rc6 b5 26. f4 Ra3 27. e4
Rxb3 28. Rxa6 b4 29. f5 exf5 30. exf5 gxf5 31. Rf6 Rf3 32. Kg2 Rf4 33. Kg3 Rg4+
34. Kf3 Kg7 35. Rxf5 Rh4 36. Kg3 Rc4 37. Rf6 Re4 38. Rb6 Rxe5 39. Rxb4 Re3+ 40.
Kf2 Rc3 41. Rg4+ Kf6 42. Rf4+ Ke6 43. Rh4 Rc2+ 44. Kg3 Rc3+ 45. Kg2 Rc2+ 46. Kg3
Kf6 47. Rxh7 Kg6 48. Rh3 f5 49. Kf4 Rc4+ 50. Kg3 Kg5 51. Rh8 Rc3+ 52. Kg2 Kf4
53. Rh4+ Kg5 54. Rh8 Rc2+ 55. Kg3 f4+ 56. Kf3 Rc3+ 57. Kf2 Rc2+ 58. Kf3 Rc3+ 59.
Kf2 Kf5 60. h4 Rh3 61. h5 Kg4 62. h6 Rh2+ 63. Kg1 Rh5 64. h7 Kf3 65. Ra8 Rxh7
66. Ra3+ Kg4 67. Rb3 Re7 68. Rb4 Kf3 69. Rb3+ Re3 70. Rb2 Kg3 71. Rg2+ Kf3 72.
Rf2+ Ke4 73. Kf1 Rc3 74. Re2+ Kf3 75. Rf2+ Ke4 76. Re2+ Kf5 77. Kf2 Kg4 78. Re4
Rc2+ 79. Kf1 Kf3 80. Ra4 Rc1# 0-1

[Event "ch-FRA Blitz Online Qual"]
[Site "Europe-Chess INT"]
[Date "2020.05.16"]
[Round "13"]
[White "Stoll, Lucia"]
[Black "Boumrar, Ayrad"]
[Result "1/2-1/2"]
[WhiteElo "1561"]
[BlackElo "1431"]
[WhiteFideId "45133301"]
[BlackFideId "45182310"]
[EventDate "2020.05.16"]

1. e4 c5 2. Nf3 Nc6 3. d4 cxd4 4. Nxd4 Nf6 5. Nc3 e5 6. Ndb5 d6 7. Bg5 a6 8. Na3
b5 9. Nd5 Be7 10. Bxf6 Bxf6 11. c3 Bg5 12. Nc2 Be6 13. a4 Bxd5 14. Qxd5 Ne7 15.
Qd1 Rb8 16. axb5 axb5 17. Nb4 O-O 18. Be2 Kh8 19. O-O g6 20. Nd5 Nxd5 21. Qxd5
b4 22. c4 f5 23. exf5 gxf5 24. b3 Rg8 25. Rfd1 Be7 26. Qf3 Qf8 27. Rd5 Qf6 28.
Rad1 Ra8 29. R5d2 Qg5 30. Qg3 Qf6 31. Qe3 Rg7 32. Bf3 e4 33. Be2 Rag8 34. Bf1
Qe5 35. g3 Bg5 36. Qd4 Bxd2 37. Qxe5 dxe5 38. Rxd2 f4 39. Bg2 e3 40. fxe3 fxg3
41. hxg3 Rxg3 42. e4 h5 43. Kh2 Rxb3 44. Rd5 Rb2 45. Rxe5 Rbxg2+ 46. Kh3 b3 47.
Rxh5+ Kg7 48. Kxg2 Kf6+ 49. Kf3 Rg1 50. Rb5 Rb1 51. Ke3 b2 52. Kd2 Rc1 53. Rxb2
Rxc4 54. Kd3 Rc7 55. Rb5 Rd7+ 56. Ke3 Ke6 57. e5 Rd5 58. Rxd5 Kxd5 59. Kf4 Ke6
60. Ke4 Ke7 61. Kd5 Kd7 62. Kc5 Ke6 63. Kd4 Ke7 64. Ke4 Ke6 65. Kd4 Ke7 66. Ke3
Ke6 67. Ke4 1/2-1/2

[Event "ch-FRA Blitz Online Qual"]
[Site "Europe-Chess INT"]
[Date "2020.05.16"]
[Round "13"]
[White "Ogier, Daniil"]
[Black "Vasselin, Louis"]
[Result "0-1"]
[WhiteElo "1059"]
[BlackElo "1590"]
[WhiteFideId "45187398"]
[BlackFideId "36070238"]
[EventDate "2020.05.16"]

1. e4 e6 2. d4 d5 3. e5 c5 4. c3 Nc6 5. Nf3 Bd7 6. Bd3 Nge7 7. dxc5 Ng6 8. O-O
Ngxe5 9. Nxe5 Nxe5 10. Re1 Nxd3 11. Qxd3 Bxc5 12. b4 Be7 13. c4 dxc4 14. Qxc4
Rc8 15. Qd4 Bf6 16. Bg5 Bxd4 17. Bxd8 Bxa1 18. Bg5 Bc3 19. Nxc3 Rxc3 20. Bd2 Rc2
21. Bf4 O-O 22. Rd1 Rfc8 23. h3 Ba4 24. Rd3 h6 25. Ra3 b5 26. Kf1 R8c3 27. Rxc3
Rxc3 28. Bd2 Rc2 29. Be3 Rxa2 30. Ke1 a6 31. Kf1 Rb2 32. Ke1 Rxb4 33. Kf1 Rb2
34. Ke1 b4 35. Kf1 b3 36. Ke1 Rb1+ 37. Kd2 b2 38. Kc3 Bd1 39. Kd2 Rc1 40. Kd3
b1=Q+ 41. Kd4 Qb4+ 42. Kd3 Bc2+ 43. Ke2 Bd1+ 44. Kd3 Qd6+ 45. Ke4 Bc2+ 46. Kf3
Bd1+ 47. Ke4 f5# 0-1

[Event "ch-FRA Blitz Online Qual"]
[Site "Europe-Chess INT"]
[Date "2020.05.16"]
[Round "13"]
[White "Gratton, Manolo"]
[Black "Migus, Ethan"]
[Result "0-1"]
[WhiteElo "1573"]
[BlackElo "1084"]
[WhiteFideId "551089157"]
[BlackFideId "551047594"]
[EventDate "2020.05.16"]

1. e4 d5 2. exd5 Nf6 3. d4 Nxd5 4. c4 Nf6 5. Nc3 Nc6 6. Nf3 Bg4 7. Be2 Bxf3 8.
Bxf3 Qd7 9. Be3 O-O-O 10. d5 Ne5 11. Be2 Kb8 12. a4 e6 13. Bd4 Ng6 14. Bf3 exd5
15. cxd5 c6 16. O-O cxd5 17. Bxf6 gxf6 18. Nxd5 Bg7 19. Qb3 Nh4 20. Rfd1 Nxf3+
21. Qxf3 Qc6 22. b4 Rhe8 23. b5 Qe6 24. Qg3+ Rd6 25. Rac1 Bh6 26. Rb1 Kc8 27.
Qc3+ Kb8 28. Nc7 Rxd1+ 29. Rxd1 Qc8 30. Rc1 Bxc1 31. Qxc1 Qxc7 32. Qxc7+ Kxc7 0-1

[Event "ch-FRA Blitz Online Qual"]
[Site "Europe-Chess INT"]
[Date "2020.05.16"]
[Round "13"]
[White "Bourgeois, Florian"]
[Black "Launay, Maxence"]
[Result "1/2-1/2"]
[WhiteElo "2033"]
[BlackElo "1084"]
[WhiteFideId "690660"]
[BlackFideId "551013231"]
[EventDate "2020.05.16"]

1. e4 d5 2. exd5 Nf6 3. Nc3 c6 4. dxc6 Nxc6 5. d3 Bd7 6. Nf3 e6 7. Be2 Be7 8.
O-O Qb6 9. Na4 Qc7 10. c4 Ne5 11. Nxe5 Qxe5 12. Nc3 O-O 13. Bf3 Bc6 14. Re1 Qc7
15. Bg5 h6 16. Bh4 Nh7 17. Bg3 Qd7 18. Bxc6 bxc6 19. a3 Bf6 20. Be5 Bxe5 21.
Rxe5 Rab8 22. b4 Rfd8 23. Re3 Nf6 24. Qf3 Qd4 25. Rc1 c5 26. b5 a6 27. a4 axb5
28. axb5 Ra8 29. Ne4 Nxe4 30. Qxe4 Qxe4 31. dxe4 Rd4 32. b6 Rb8 33. Rb3 Rxe4 34.
b7 Rd4 35. g3 Kf8 36. Ra1 Rdd8 37. Ra5 Rd7 38. Ra8 Rdd8 39. Ra5 Rd7 40. Rxc5
Rdxb7 41. Rxb7 Rxb7 42. Kg2 Ke7 43. Kf3 Kd6 44. Ra5 e5 45. Ke4 f6 46. h4 g6 47.
Ra6+ Ke7 48. Kd5 Rd7+ 49. Kc5 g5 50. hxg5 hxg5 51. Kb5 Rd2 52. c5 Rxf2 53. c6
Rc2 54. Ra7+ Ke6 55. c7 e4 56. Kb6 e3 57. Ra8 Kf5 58. c8=Q+ Rxc8 59. Rxc8 Kg4
60. Re8 Kxg3 61. Rxe3+ Kf4 62. Re1 f5 63. Kc5 g4 64. Kd4 Kg3 65. Ke3 f4+ 66. Ke4
f3 67. Rg1+ Kf2 68. Rxg4 Ke2 69. Rg3 f2 70. Re3+ Kd1 71. Rf3 Ke1 72. Re3+ Kd1
73. Rd3+ Ke1 74. Re3+ Kd1 1/2-1/2

[Event "ch-FRA Blitz Online Qual"]
[Site "Europe-Chess INT"]
[Date "2020.05.16"]
[Round "13"]
[White "Dubois, Martine"]
[Black "Chevillon, Celia"]
[Result "1/2-1/2"]
[WhiteTitle "WIM"]
[WhiteElo "1802"]
[BlackElo "1433"]
[WhiteFideId "601926"]
[BlackFideId "45107459"]
[EventDate "2020.05.16"]

1. e4 e5 2. Nf3 Nc6 3. Nc3 Nf6 4. g3 Bc5 5. Bg2 d6 6. O-O Be6 7. d3 h6 8. Na4
Bb6 9. Nxb6 axb6 10. Re1 O-O 11. d4 exd4 12. Nxd4 Nxd4 13. Qxd4 Re8 14. h3 c6
15. Kh2 d5 16. e5 Nd7 17. f4 f6 18. exf6 Nxf6 19. Bd2 c5 20. Qf2 Qd7 21. a3 Bf5
22. Rxe8+ Rxe8 23. Re1 Rxe1 24. Bxe1 Ne4 25. Bxe4 Bxe4 26. c3 Qe7 27. g4 g6 28.
Qg3 Kh7 29. Bf2 Bc2 30. Qe3 Qxe3 31. Bxe3 Kg7 32. Kg3 Kf6 33. h4 Bd1 34. b4 h5
35. gxh5 Bxh5 36. bxc5 bxc5 37. Bxc5 Ke6 38. Bd4 Kd6 39. a4 Kc6 40. a5 Kb5 41.
Bb6 Kc4 42. Bd4 Kb5 43. Kf2 Kxa5 44. Ke3 Kb5 45. Bf6 Kc4 46. Bg7 b5 47. Bf6 b4
48. cxb4 Kxb4 49. Kd4 Kb3 50. Be7 Kc2 51. Kxd5 Kd2 52. Ke5 Ke3 53. Bg5 Kf3 54.
Kf6 Kg4 55. Kg7 Kg3 56. Kh6 Kg4 57. Kh7 Kg3 58. Bh6 Kg4 59. Bg5 Kg3 60. Kh6 Kg4
61. Be7 Kf5 62. Bd6 Kg4 63. Bc7 Kf5 64. Bd8 Kg4 65. Bg5 1/2-1/2

[Event "ch-FRA Blitz Online Qual"]
[Site "Europe-Chess INT"]
[Date "2020.05.16"]
[Round "13"]
[White "Mataigne, Jean-Michel"]
[Black "Weber, Richard"]
[Result "1-0"]
[WhiteElo "1900"]
[BlackElo "1463"]
[WhiteFideId "618250"]
[BlackFideId "644382"]
[EventDate "2020.05.16"]

1. e4 e5 2. Nf3 Nc6 3. d3 Be7 4. g3 Nf6 5. Bg2 d5 6. exd5 Nxd5 7. O-O O-O 8. Re1
Bf6 9. Nbd2 Bg4 10. h3 Bxf3 11. Nxf3 Qd7 12. Rb1 Rfe8 13. Bd2 Nb6 14. Bc3 Rab8
15. a3 Nd4 16. b4 c6 17. Bb2 Nxf3+ 18. Qxf3 Qd6 19. Re4 Nd5 20. Rbe1 Nc7 21. Qe2
Re7 22. Bxe5 Bxe5 23. Rxe5 Rxe5 24. Qxe5 Qxe5 25. Rxe5 Re8 26. Rxe8+ Nxe8 27. a4
f6 28. c4 Kf8 29. b5 Ke7 30. bxc6 bxc6 31. Bxc6 Nc7 32. d4 a5 33. f4 Kd6 34. d5
Kc5 35. Kf2 Kxc4 36. d6 Ne6 37. d7 Kc5 38. Bb5 Nd8 39. Ke3 Kd5 40. g4 g6 41. Kd3
h6 42. Ke3 g5 43. f5 Ke5 44. Bc4 Kd6 45. Be6 Kc5 46. Bb3 Kd6 47. Be6 Kc5 48. Bb3
Nc6 49. Kd3 Kb4 50. Bd1 Nd8 51. Kd4 Nc6+ 52. Kd5 Nd8 53. Kd6 Kc4 54. Ke7 Nc6+
55. Ke8 Kc5 56. d8=Q Nxd8 57. Kxd8 Kd4 58. Ke7 Ke5 59. Bb3 h5 60. gxh5 Kxf5 61.
Bc2+ Ke5 62. h6 f5 63. Bxf5 1-0

[Event "ch-FRA Blitz Online Qual"]
[Site "Europe-Chess INT"]
[Date "2020.05.16"]
[Round "13"]
[White "Ninin, Gabriel"]
[Black "Buttard, Axel"]
[Result "0-1"]
[WhiteElo "1426"]
[BlackElo "1883"]
[WhiteFideId "45169756"]
[BlackFideId "36052523"]
[EventDate "2020.05.16"]

1. e4 d5 2. exd5 Qxd5 3. Nc3 Qa5 4. d4 Nf6 5. Bd2 c6 6. Nf3 Bf5 7. Bc4 e6 8. a3
Nbd7 9. Ne4 Qd8 10. Ng3 Bg6 11. h4 h5 12. Bg5 Qc7 13. Qd2 Bd6 14. Rh3 Bxg3 15.
Rxg3 Ne4 16. Bf4 Qb6 17. Qe3 Nxg3 18. Bxg3 Qxb2 19. Rd1 O-O-O 20. Ng5 Qxc2 21.
Qf3 Qxc4 22. Rd3 Qxd3 23. Qxd3 Bxd3 24. Nxf7 Rdf8 25. Nd6+ Kd8 26. Nxb7+ Ke7 27.
Bd6+ Kf7 28. Bf4 Nf6 29. Nd6+ Kg8 30. Bg5 Rd8 31. Nb7 Rd7 32. Nc5 Rf7 33. Nxd3
Nd5 34. Ne5 Rf8 35. Ng6 Kf7 36. Ne5+ Ke8 37. Ng6 Kd7 38. Nxh8 Rxh8 39. f3 Rb8
40. Bd2 Rb3 41. Ke2 Rxa3 42. Bc1 Ra2+ 43. Bd2 Nf4+ 44. Ke3 Nxg2+ 45. Kd3 Rxd2+
46. Kxd2 Kd6 47. Ke2 Nf4+ 48. Ke3 e5 49. Ke4 Ng6 50. dxe5+ Nxe5 51. f4 Nc4 52.
Kf5 Ke7 53. Kg6 Kf8 54. f5 Ne5+ 55. Kxh5 Kf7 56. Kg5 c5 57. h5 c4 58. f6 gxf6+
59. Kh6 c3 60. Kh7 c2 61. Kh8 c1=Q 62. h6 Qxh6# 0-1

[Event "ch-FRA Blitz Online Qual"]
[Site "Europe-Chess INT"]
[Date "2020.05.16"]
[Round "13"]
[White "Ragneau, Freddy"]
[Black "Richard, Maxime"]
[Result "1/2-1/2"]
[WhiteElo "1859"]
[BlackElo "1436"]
[WhiteFideId "36001228"]
[BlackFideId "20643411"]
[EventDate "2020.05.16"]

1. e4 d5 2. exd5 Nf6 3. c4 c6 4. dxc6 Nxc6 5. Nf3 e5 6. d3 e4 7. dxe4 Qxd1+ 8.
Kxd1 Nxe4 9. Be3 Bf5 10. Nbd2 O-O-O 11. Kc1 Bb4 12. a3 Bxd2+ 13. Nxd2 Rhe8 14.
Nxe4 Bxe4 15. b4 Kb8 16. Ra2 Rd7 17. Rd2 Red8 18. Rxd7 Rxd7 19. f3 Bd3 20. Bf4+
Ka8 21. Kb2 Bg6 22. Be2 Nd4 23. Bd1 Bd3 24. Re1 Ne6 25. Be3 Bxc4 26. Ba4 Rd3 27.
Bc2 Rd8 28. Be4 Bd5 29. Bxd5 Rxd5 30. Bc5 b6 31. Be3 Kb7 32. Re2 Rd3 33. Bc1 Kc6
34. Rc2+ Kd7 35. f4 Nd4 36. Rc3 Rxc3 37. Kxc3 Ne2+ 38. Kd2 Nxf4 39. g3 Nd5 40.
Bb2 f6 41. Kd3 Ke6 42. Ke4 g6 43. h4 f5+ 44. Kf3 Nf6 45. Bd4 Nd5 46. Bf2 Nc3 47.
Bd4 Nb5 48. Bb2 Kd5 49. Ke3 Kc4 50. Kd2 Kb3 51. Bf6 Nxa3 52. Be7 Nc4+ 53. Kd3
Nb2+ 54. Kd4 Nc4 55. b5 Nd2 56. Ke3 Nf1+ 57. Kf2 Nd2 58. Ke3 Nc4+ 59. Kd4 Nd2
60. Ke3 1/2-1/2